LIBRARY ONLINE CATALOGUE

Cost effectiveness analysis between boarding and day secondary students in Kenya / (Record no. 13837)

MARC details
000 -LEADER
fixed length control field 00722cam a22002052 4500
001 - CONTROL NUMBER
control field 0000021479
005 - DATE AND TIME OF LATEST TRANSACTION
control field 20151217155910.0
008 - FIXED-LENGTH DATA ELEMENTS--GENERAL INFORMATION
fixed length control field 120607s xx 000 0 eng d
040 ## - CATALOGING SOURCE
Original cataloging agency KABU
Transcribing agency KABU
100 1# - MAIN ENTRY--PERSONAL NAME
Personal name Jagero, Nelson O.
-- 0000182376
245 10 - TITLE STATEMENT
Title Cost effectiveness analysis between boarding and day secondary students in Kenya /
Statement of responsibility, etc. Nelson O. Jagero, John Agak, T. M. Ayodo.
300 ## - PHYSICAL DESCRIPTION
Extent 23 leaves.
500 ## - GENERAL NOTE
General note Photocopied from " African education review, 8 : 3, 529-550".
650 #0 - SUBJECT ADDED ENTRY--TOPICAL TERM
Topical term or geographic name as entry element Educational reports
Geographic subdivision Kenya.
-- 0000182377
700 1# - ADDED ENTRY--PERSONAL NAME
Personal name Agak, John.
-- 0000182378
700 1# - ADDED ENTRY--PERSONAL NAME
Personal name Ayodo, T. M.
-- 0000182379
908 ## - PUT COMMAND PARAMETER (RLIN)
Put command parameter 120607
950 ## - LOCAL HOLDINGS (RLIN)
-- 1
Holdings
Withdrawn status Lost status Source of classification or shelving scheme Not for loan Home library Current library Date acquired Total Checkouts Total Renewals Full call number Barcode Date last seen Date last checked out Price effective from Koha item type
    Library of Congress Classification   Kabarak, Main Campus Kabarak, Main Campus 17/12/2015 2 1 L665 .J34 2011 c. 1 013115 04/11/2019 04/11/2019 17/12/2015 Africana Collection